00440nam a2200145Ia 4500003000500000008004100005020001300046040001900059082000700078100002800085245011400113260004700227300000800274546001200282STCL181203s9999 xx 000 0 und d a09714731 aSTCLbENcSTCL 222 aBanerji, Debashish, Ed. 0aJournal of Contemporary Thought: Special Number: Punctuated Renewals: Rabindranath Tagore in the 21st Century bForum on Contemporary TheoryaBarodac2011 a228 aEnglish